Introducción al dinero (Registro nro. 5386)
[ vista simple ]
| 000 -LEADER | |
|---|---|
| fixed length control field | 01430 a2200205 4500 |
| 001 - CONTROL NUMBER | |
| control field | 54215 |
| 005 - DATE AND TIME OF LATEST TRANSACTION | |
| control field | 20260407155812.0 |
| 008 - FIXED-LENGTH DATA ELEMENTS--GENERAL INFORMATION | |
| fixed length control field | 260407a arg spa d |
| 003 - CONTROL NUMBER IDENTIFIER | |
| control field | AR-UNSa-BCEJYS |
| 040 ## - CATALOGING SOURCE | |
| Original cataloging agency | AR-UNSa-BCEJYS |
| Language of cataloging | spa |
| Transcribing agency | AR-UNSa-BCEJYS |
| 080 ## - UNIVERSAL DECIMAL CLASSIFICATION NUMBER | |
| Universal Decimal Classification number | 336.74 |
| Common auxiliary subdivision | Moneda. Sistema monetario |
| 100 1# - MAIN ENTRY--PERSONAL NAME | |
| Personal name | Coulborn, W. A. L. |
| 245 10 - TITLE STATEMENT | |
| Title | Introducción al dinero |
| 264 #1 - PRODUCTION, PUBLICATION, DISTRIBUTION, MANUFACTURE, AND COPYRIGHT NOTICE | |
| Place of production, publication, distribution, manufacture | Madrid : |
| Name of producer, publisher, distributor, manufacturer | Revista de Derecho Privado |
| 300 ## - PHYSICAL DESCRIPTION | |
| Extent | 337 p. |
| Dimensions | 23 cm. |
| 505 ## - FORMATTED CONTENTS NOTE | |
| Formatted contents note | I. Definiciones - II. El dinero frente al trueque - III. Orígenes y características del dinero - IV. Algunas notas sobre historia monetaria - V. Las instituciones monetarias - VI. El valor del dinero: La teoría cuantitativa - VII. Las ecuaciones del valor del dinero y su aplicación al ciclo económico - VIII. La teoría general de Mr. Keynes - IX. Los patrones monetarios y los cambios extranjeros - X. El patrón oro y los cambios extranjeros estudiados más a fondo - XI. Alteraciones en el valor del dinero - XII. Algunos ejemplos históricos de fluctuaciones monetarias - XIII. Las instituciones monetarias examinadas más de cerca-El banco de Inglaterra - XIV. Las instituciones monetarias examinadas más de cerca-Los bancos por acciones.El mercado de capitales - XV. El control del dinero - XVI. Política monetaria - XVII. Una mirada hacia el futuro |
| 590 ## - LOCAL NOTE (RLIN) | |
| Local note | niveau_biblio:m niveau_hierar:0 |
| 700 1# - ADDED ENTRY--PERSONAL NAME | |
| Personal name | Porta Vilalta, Francisco |
| 942 ## - ADDED ENTRY ELEMENTS (KOHA) | |
| Koha item type | |
| Withdrawn status | Lost status | Damaged status | Not for loan | Home library | Current library | Shelving location | Date acquired | Total checkouts | Full call number | Barcode | Date last seen | Price effective from | Koha item type |
|---|---|---|---|---|---|---|---|---|---|---|---|---|---|
| Biblioteca Prof. Eusebio Cleto del Rey | Biblioteca Prof. Eusebio Cleto del Rey | 07/04/2026 | 336.74 C855 | L20237 | 07/04/2026 | 07/04/2026 | Libro |